00699 2200241 4500001002100000005001700021008004100038020002200079035002400101040001200125082001500137084002100152090002100173100002300194245007300217250001100290260003100301300003200332504003100364650002500395700001500420990002200435INLIS00000000002522220170301123633.0  a978-979-21-4684-4 0010-021700000000036 aYOPDYOG 223a265.13 aDEP 265.13 Pra P aDEP 265.13 Pra P aPRASETYA, L, 1961- aPanduan untuk calon baptis dewasac/L. Prasetya ; editor, Widiantoro aCet. 1 aYogyakartabKanisiusc2016 a200 hlm.b: ilus.c; 19 cm. aBibliografi : hlm. 196-198 aPembaptisan - Dewasa aWidiantoro aCB-D.11/2016-1249